000 00450ntaaa2200181 4500
003 01
005 20251027201557.0
008 0714s1973 ag 01
040 _aAR-BaBN
_bspa
_cAR-BaBN
_eaacr
_dRIC
082 _a230.0000 H81
100 _aHough, Lynn Harold
245 _aQuest for Wonder
250 _a1 ed. :
_bAbingdon Press,
_cc/915
300 _a302p.
500 _aphilosophical and theological studies
650 _aTeologĂ­a
942 _cBK
999 _c10382
_d10382